Voices from El Salvador /
Gardado en:
| Autor Principal: | |
|---|---|
| Formato: | Desconocido |
| Idioma: | English |
| Publicado: |
Estados Unidos :
Solidarity Public,
c1983.
|
| Materias: | |
| Etiquetas: |
Engadir etiqueta
Sen Etiquetas, Sexa o primeiro en etiquetar este rexistro!
|
MARC
| LEADER | 000000000a22000000004500 | ||
|---|---|---|---|
| 001 | 002555 | ||
| 020 | |a 0942638042 | ||
| 041 | 0 | |a eng | |
| 082 | 0 | 4 | |a 972.840.53 |d M542v |
| 100 | 1 | |a Menéndez Rodríguez, Mario | |
| 245 | 1 | 0 | |a Voices from El Salvador / |c Mario Menéndez Rodríguez. |
| 260 | 1 | |a Estados Unidos : |b Solidarity Public, |c c1983. | |
| 300 | |a 160 páginas | ||
| 650 | 4 | |a EL SALVADOR, 1970- | |
| 650 | 4 | |a HISTORIA | |
| 650 | 4 | |a REVOLUCION SALVADOREÑA | |
| 650 | 4 | |a ROMERO GALDAMEZ, OSCAR ARNULFO, ARZOBISPO DE SAN SALVADOR, -1980 | |
| 650 | 4 | |a AMERICA LATINA | |
| 650 | 4 | |a HISTORIA | |
| 999 | |c 8944 |d 8944 | ||
| 942 | |c BK |h 972.840.53 |2 z | ||



